Rozvojová pomoc v konfliktných oblastiach bakalárska práca

Gespeichert in:
Bibliographische Detailangaben
1. Verfasser: Palovičová, Adela
Körperschaft: Fakulta medzinárodných vzťahov EU. Katedra medzinárodných politických vzťahov
Weitere Verfasser: Goda, Samuel
Format: Buch
Sprache:Slowakisch
Veröffentlicht: Bratislava 2021
Tags: Tag hinzufügen
Keine Tags, Fügen Sie das erste Tag hinzu!

MARC

LEADER 00000nbm a2200000 4500
001 0275402
005 20220222102946.4
041 0 |a slo 
044 |a SK 
245 1 0 |a Rozvojová pomoc v konfliktných oblastiach  |b bakalárska práca  |c Adela Palovičová ; školiteľ: Samuel Goda 
264 1 |a Bratislava  |c 2021 
300 |a 48 s. 
100 1 |a Palovičová, Adela 
700 1 |a Goda, Samuel 
710 2 |a Fakulta medzinárodných vzťahov EU. Katedra medzinárodných politických vzťahov